| Tag |
First Indicator |
Second Indicator |
Subfields |
| LEADER |
00000cam a2200000 4500 |
| 001 |
in00000068299 |
| 005 |
20151008051949.0 |
| 008 |
730919s1938 nyu b 00000 eng u |
| 010 |
|
|
|a 38011540
|
| 035 |
|
|
|a (OCoLC)00691746
|
| 035 |
|
|
|9 AAH0973AM
|
| 040 |
|
|
|c WOO
|d TXA
|d UtOrBLW
|
| 049 |
|
|
|a TXAM
|c [241697]
|
| 050 |
0 |
0 |
|a LB1137
|b .D3
|
| 092 |
|
|
|a 371.74
|b D262p
|
| 100 |
1 |
|
|a Davis, John Eisele.
|
| 245 |
1 |
0 |
|a Play and mental health ;
|b principles and practice for teachers /
|c by John Eisele Davis.
|
| 264 |
|
1 |
|a New York :
|b A. S. Barnes and company,
|c 1938.
|
| 300 |
|
|
|a xvi pages, 1 leaf, 202 pages ;
|c 24 cm.
|
| 336 |
|
|
|a text
|b txt
|2 rdacontent
|
| 337 |
|
|
|a unmediated
|b n
|2 rdamedia
|
| 338 |
|
|
|a volume
|b nc
|2 rdacarrier
|
| 504 |
|
|
|a Bibliography at end of each chapter.
|
| 650 |
|
0 |
|a Play.
|
| 650 |
|
0 |
|a Child psychology.
|
| 999 |
|
|
|a MARS
|
| 999 |
f |
f |
|s 93b8f57a-915a-33ef-b578-51b447e43504
|i 8ee53d98-4798-3e43-9e64-8fe8db54f746
|t 0
|
| 952 |
f |
f |
|p normal
|a Texas A&M University
|b College Station
|c Sterling C. Evans Library
|d Evans: Library Stacks
|t 0
|e LB1137 .D3
|h Library of Congress classification
|i unmediated -- volume
|m A14800845651
|
| 998 |
f |
f |
|a LB1137 .D3
|t 0
|l Evans: Library Stacks
|